[Event "Niedersachsen-ch op A"]
[Site "Verden"]
[Date "2018.01.06"]
[Round "5"]
[White "Moerke, Niklas"]
[Black "Hupe, Henning"]
[Result "1/2-1/2"]
[WhiteElo "1846"]
[BlackElo "2032"]
[PlyCount "39"]
[EventDate "2018.01.04"]
[EventType "swiss"]
[EventRounds "7"]
[EventCountry "GER"]
[SourceTitle "EXT 2022"]
[Source "ChessBase"]
[SourceDate "2021.10.06"]
[SourceVersion "1"]
[SourceVersionDate "2021.10.06"]
[SourceQuality "1"]

1. e4 c6 2. d4 d5 3. e5 Bf5 4. h4 h5 5. c4 e6 6. Nc3 Be7 7. g3 Nd7 8. cxd5 cxd5 9. Bd3 Bxd3 10. Qxd3 a6 11. Nf3 g6 12. Ng5 Nf8 13. 0-0 Nh6 14. Nd1 Nf5 15. Ne3 Qd7 16. Nxf5 exf5 17. f4 Bxg5 18. hxg5 Ne6 19. Bd2 0-0 20. Kf2 1/2-1/2

[Event "Niedersachsen-ch op-A"]
[Site "Verden"]
[Date "2014.01.05"]
[Round "7"]
[White "Schulz, Daniel"]
[Black "Hupe, Henning"]
[Result "1/2-1/2"]
[WhiteElo "1970"]
[BlackElo "2049"]
[PlyCount "113"]
[EventDate "2014.01.02"]
[EventType "swiss"]
[EventRounds "7"]
[EventCountry "GER"]
[SourceTitle "EXT 2016"]
[Source "ChessBase"]
[SourceDate "2015.10.08"]
[SourceVersion "1"]
[SourceVersionDate "2015.10.08"]
[SourceQuality "1"]

1. Nf3 Nf6 2. c4 g6 3. g3 Bg7 4. Bg2 0-0 5. 0-0 d6 6. Nc3 c6 7. Rb1 a5 8. a3 Nbd7 9. b4 axb4 10. axb4 Qc7 11. d3 e5 12. Qb3 Re8 13. Nd2 h6 14. Bb2 Nf8 15. b5 Ne6 16. e3 Nc5 17. Qc2 Bf5 18. Nde4 Nfxe4 19. Nxe4 Nxe4 20. dxe4 Be6 21. b6 Qd8 22. c5 dxc5 23. Qxc5 Ra6 24. Bc3 Qe7 25. Qxe7 Rxe7 26. Rfd1 Rd7 27. Rxd7 Bxd7 28. Bf1 Ra3 29. Bb4 Ra4 30. Bd6 Be6 31. Rd1 Bb3 32. Rd2 Ra1 33. Kg2 Be6 34. Bc7 Ra8 35. f4 exf4 36. gxf4 Kf8 37. Kg3 Ke8 38. e5 Bf8 39. h4 Be7 40. Bh3 Bxh3 41. Kxh3 Ra3 42. h5 Rxe3+ 43. Kg4 Ra3 44. Bd6 Ra4 45. Bxe7 Kxe7 46. hxg6 fxg6 47. Rd6 g5 48. Rxh6 Rxf4+ 49. Kxg5 Rf7 50. Rf6 Rxf6 51. exf6+ Kf7 52. Kf5 c5 53. Ke5 c4 54. Kd4 c3 55. Kxc3 Kxf6 56. Kc4 Ke6 57. Kc5 1/2-1/2

[Event "Niedersachsen-ch op-A"]
[Site "Verden"]
[Date "2013.01.06"]
[Round "7"]
[White "Aden, Dagmar"]
[Black "Hupe, Henning"]
[Result "0-1"]
[WhiteElo "1876"]
[BlackElo "2068"]
[PlyCount "86"]
[EventDate "2013.01.03"]
[EventType "swiss"]
[EventRounds "7"]
[EventCountry "GER"]
[SourceTitle "EXT 2014"]
[Source "ChessBase"]
[SourceDate "2013.11.20"]
[SourceVersion "1"]
[SourceVersionDate "2013.11.20"]
[SourceQuality "1"]

1. e4 c5 2. c3 e6 3. d4 d5 4. exd5 exd5 5. Nf3 Nf6 6. Be2 Be7 7. 0-0 0-0 8. Bf4 Nc6 9. Ne5 Qb6 10. Nxc6 bxc6 11. b3 a5 12. Be5 Nd7 13. dxc5 Bxc5 14. Bd4 Re8 15. Bd3 Bxd4 16. cxd4 g6 17. Be2 Nf8 18. Na3 Ne6 19. Nc2 Nf4 20. Re1 Bd7 21. Qd2 Ne6 22. Bf3 Nf8 23. Ne3 Qb4 24. Qd1 Qd6 25. Rc1 f5 26. Qd2 Ne6 27. Nc2 f4 28. Re5 Rf8 29. Rce1 Ng7 30. R1e2 h6 31. h4 Qf6 32. Re7 Rad8 33. R7e5 Qxh4 34. Qxa5 Nf5 35. g4 fxg3 36. fxg3 Qxg3+ 37. Bg2 h5 38. Qe1 Qg4 39. Qc3 Ra8 40. a4 Ng3 41. Re1 h4 42. R1e3 Rf1+ 43. Bxf1 Ne2+ 0-1

[Event "Niedersachsen-ch"]
[Site "Verden"]
[Date "2008.01.03"]
[Round "2"]
[White "Hupe, Henning"]
[Black "Grabenhorst, Joerg"]
[Result "1-0"]
[WhiteElo "2059"]
[BlackElo "1820"]
[PlyCount "67"]
[EventDate "2008.01.03"]
[EventType "swiss"]
[EventRounds "7"]
[EventCountry "GER"]
[SourceTitle "EXT 2010"]
[Source "ChessBase"]
[SourceDate "2010.11.25"]
[SourceVersion "1"]
[SourceVersionDate "2010.11.25"]
[SourceQuality "1"]

1. d4 Nf6 2. Nf3 e6 3. c4 Bb4+ 4. Nc3 b6 5. g3 Bb7 6. Bg2 0-0 7. 0-0 d5 8. cxd5 exd5 9. Bf4 Bxc3 10. bxc3 Nc6 11. Qc2 Na5 12. Rad1 Ne4 13. Ne5 Nd6 14. f3 f6 15. Ng4 Re8 16. Nf2 Qe7 17. Rfe1 Qf7 18. e4 dxe4 19. fxe4 Qg6 20. Qb1 h5 21. Bxd6 cxd6 22. Qb4 Rad8 23. d5 h4 24. gxh4 Qh5 25. Re3 Bc8 26. Rg3 Qxh4 27. e5 Qh6 28. exf6 Qxf6 29. Rf1 Qe5 30. Nd3 Qe7 31. Nf4 Qh4 32. Ne6 Bxe6 33. dxe6 Nc4 34. e7 1-0

[Event "Niedersachsen-ch op"]
[Site "Verden"]
[Date "2007.01.04"]
[Round "1"]
[White "Hupe, Henning"]
[Black "Pfeifer, Frank"]
[Result "1/2-1/2"]
[WhiteElo "2078"]
[BlackElo "1673"]
[PlyCount "75"]
[EventDate "2007.01.04"]
[EventType "swiss"]
[EventRounds "7"]
[EventCountry "GER"]
[SourceTitle "EXT 2021"]
[Source "ChessBase"]
[SourceDate "2020.10.23"]
[SourceVersion "1"]
[SourceVersionDate "2020.10.23"]
[SourceQuality "1"]

1. d4 Nf6 2. Bf4 d6 3. e3 g6 4. Be2 Bg7 5. Nf3 c6 6. Nbd2 0-0 7. h3 Nbd7 8. c3 b5 9. a4 a6 10. 0-0 Bb7 11. Qc2 Nb6 12. a5 Nbd5 13. Bh2 Rc8 14. e4 Nc7 15. Rfd1 e6 16. c4 Qe7 17. c5 dxc5 18. dxc5 Rfd8 19. Bd6 Qe8 20. Nf1 Nd7 21. Ne3 f5 22. Qb3 Kh8 23. exf5 exf5 24. Ng5 Nd5 25. Bf3 h6 26. Re1 hxg5 27. Nxd5 Qg8 28. Qe3 cxd5 29. Qxg5 Bf6 30. Qh6+ Qh7 31. Qc1 Bd4 32. Qg5 Nxc5 33. Bxc5 Bxc5 34. Re6 Rg8 35. Qf6+ Qg7 36. Qh4+ Qh7 37. Qf6+ Qg7 38. Qh4+ 1/2-1/2

[Event "Bad Zwesten op 8th"]
[Site "Bad Zwesten"]
[Date "2004.01.07"]
[Round "8"]
[White "Foermes, Alexander"]
[Black "Hupe, Henning"]
[Result "1-0"]
[WhiteElo "1991"]
[BlackElo "2101"]
[PlyCount "113"]
[EventDate "2004.01.??"]
[EventType "swiss"]
[EventRounds "9"]
[EventCountry "GER"]
[SourceTitle "CBM 098 Extra"]
[Source "ChessBase"]
[SourceDate "2004.03.10"]
[SourceVersion "2"]
[SourceVersionDate "2004.03.10"]
[SourceQuality "1"]

1. c4 e5 2. g3 Nf6 3. Bg2 Be7 4. Nc3 c6 5. d4 d6 6. e4 Qc7 7. Nge2 Nbd7 8. 0-0 a6 9. a4 b6 10. h3 Bb7 11. Be3 0-0 12. f4 exd4 13. Nxd4 Rfe8 14. Re1 Bf8 15. Bf2 c5 16. Nc2 Rad8 17. Qd3 g6 18. Rad1 Bc6 19. Ne3 Qb8 20. g4 h6 21. Bh4 Rc8 22. Bg3 Qb7 23. Ned5 Nh7 24. e5 dxe5 25. fxe5 Ng5 26. b3 Bg7 27. h4 Ne6 28. Ne4 Rcd8 29. Nd6 Qa8 30. Nxe8 Rxe8 31. Rd2 Qb7 32. Rf2 Nd4 33. Ref1 Nxe5 34. Bxe5 Rxe5 35. Rxf7 Qxf7 36. Rxf7 Kxf7 37. Nf4 Bxg2 38. Kxg2 g5 39. hxg5 Rxg5 40. Kh3 a5 41. Qe4 Kg8 42. Ne6 Re5 43. Qa8+ Kh7 44. Nxg7 Kxg7 45. Qb7+ Kf6 46. Qxb6+ Kg5 47. Qd8+ Kg6 48. Qg8+ Kf6 49. Qh8+ Ke6 50. Qxh6+ Kf7 51. Qh7+ Ke6 52. Qg8+ Kd6 53. Qd8+ Ke6 54. Qxa5 Re3+ 55. Kg2 Nxb3 56. Qb6+ Ke5 57. a5 1-0

[Event "Bad Zwesten op 8th"]
[Site "Bad Zwesten"]
[Date "2004.01.05"]
[Round "6"]
[White "Hermann, Manfred"]
[Black "Hupe, Henning"]
[Result "1/2-1/2"]
[WhiteElo "2324"]
[BlackElo "2101"]
[PlyCount "93"]
[EventDate "2004.01.??"]
[EventType "swiss"]
[EventRounds "9"]
[EventCountry "GER"]
[SourceTitle "CBM 098 Extra"]
[Source "ChessBase"]
[SourceDate "2004.03.10"]
[SourceVersion "2"]
[SourceVersionDate "2004.03.10"]
[SourceQuality "1"]

1. e4 e6 2. d4 d5 3. Nc3 Nf6 4. Bg5 Be7 5. Bxf6 Bxf6 6. Nf3 c5 7. Bb5+ Nc6 8. exd5 exd5 9. 0-0 0-0 10. dxc5 Bxc3 11. bxc3 Bg4 12. Qd3 Qe7 13. Bxc6 bxc6 14. Qe3 Qxe3 15. fxe3 Bxf3 16. gxf3 Rfe8 17. Kf2 Re7 18. Rad1 Rb8 19. c4 dxc4 20. Rd6 Rc7 21. Rb1 Re8 22. Rb4 g6 23. Rxc4 Rb8 24. Ke2 Rb2 25. a4 Kf8 26. Kd2 Kg7 27. Rcd4 Ra2 28. h3 Kf8 29. Re4 Kg7 30. f4 Kf8 31. h4 Kg7 32. f5 gxf5 33. Rf4 Ra3 34. h5 Kf8 35. h6 Ke8 36. Rfd4 Ke7 37. Rd8 Kf6 38. Rg8 Re7 39. Rd6+ Re6 40. Rg7 Rxa4 41. Rxh7 Rh4 42. Rh8 a5 43. h7 Kg7 44. Rdd8 Rxh7 45. Rdg8+ Kh6 46. Rxh7+ Kxh7 47. Ra8 1/2-1/2

[Event "Bad Zwesten op 8th"]
[Site "Bad Zwesten"]
[Date "2004.01.02"]
[Round "1"]
[White "Hupe, Henning"]
[Black "Schulz, Maike"]
[Result "1-0"]
[WhiteElo "2101"]
[BlackElo "1385"]
[PlyCount "69"]
[EventDate "2004.01.??"]
[EventType "swiss"]
[EventRounds "9"]
[EventCountry "GER"]
[SourceTitle "CBM 098 Extra"]
[Source "ChessBase"]
[SourceDate "2004.03.10"]
[SourceVersion "2"]
[SourceVersionDate "2004.03.10"]
[SourceQuality "1"]

1. d4 e6 2. Nf3 d5 3. Bf4 Nf6 4. e3 c5 5. c3 b6 6. Nbd2 Ba6 7. Bxa6 Nxa6 8. Qa4+ Qd7 9. Qxa6 c4 10. Ne5 Qc8 11. Qxc8+ Rxc8 12. Ke2 Be7 13. Rhc1 0-0 14. b3 b5 15. bxc4 bxc4 16. Rcb1 Bd8 17. Kd1 Re8 18. Rb7 Re7 19. Rab1 Kf8 20. Rxe7 Bxe7 21. Rb7 a5 22. Ra7 h6 23. Kc2 g5 24. Bg3 Ke8 25. Rxa5 Nd7 26. Nxd7 Kxd7 27. Ra7+ Ke8 28. f3 f5 29. Be5 h5 30. e4 fxe4 31. fxe4 g4 32. exd5 exd5 33. Nf1 Rc6 34. Ne3 Bg5 35. Nxd5 1-0

[Event "Naujac op 04th"]
[Site "Naujac"]
[Date "2001.??.??"]
[Round "5"]
[White "Benitah, Yohan"]
[Black "Hupe, Henning"]
[Result "1-0"]
[WhiteElo "2345"]
[BlackElo "2129"]
[PlyCount "65"]
[EventDate "2001.08.??"]
[EventType "swiss"]
[EventRounds "7"]
[EventCountry "FRA"]
[SourceTitle "EXT 2002"]
[Source "ChessBase"]
[SourceDate "2001.11.25"]
[SourceVersion "1"]
[SourceVersionDate "2001.11.25"]
[SourceQuality "1"]

1. d4 Nf6 2. c4 e6 3. Nc3 d5 4. cxd5 exd5 5. Bg5 Be7 6. e3 c6 7. Bd3 0-0 8. Qc2 Nbd7 9. Nge2 Re8 10. 0-0 Nf8 11. f3 Nh5 12. Bxe7 Qxe7 13. e4 dxe4 14. fxe4 Be6 15. Rf2 Rad8 16. Raf1 Nf6 17. h3 Ng6 18. a3 a6 19. Na4 Nd7 20. b4 b5 21. Nb2 Nb8 22. Qc3 Qg5 23. Rf3 Rf8 24. Nd1 Rc8 25. Ne3 Qd8 26. Rg3 Nd7 27. Nf4 Qh4 28. Nxe6 fxe6 29. Rgf3 Nf4 30. Qb3 Kh8 31. Nf5 exf5 32. Rxf4 Qf6 33. e5 1-0